The Basic Of Buddism/ (Record no. 167097)
[ view plain ]
| 000 -LEADER | |
|---|---|
| fixed length control field | 00551nam a22001817a 4500 |
| 010 ## - LCCN (DPL NO) | |
| LC control number | ENG-126268 |
| 020 ## - INTERNATIONAL STANDARD BOOK NUMBER | |
| Terms of availability | 900.00 |
| International Standard Book Number | 978-81-925578-6-1 |
| 035 ## - SYSTEM CONTROL NUMBER | |
| System control number | EN-109800 |
| 037 ## - SOURCE OF ACQUISITION | |
| Source of stock number/acquisition | DBAD/PUB |
| 082 ## - DEWEY DECIMAL CLASSIFICATION NUMBER | |
| Classification number | 250 |
| 100 ## - MAIN ENTRY--PERSONAL NAME | |
| Personal name | Sood, Amar |
| 245 ## - TITLE STATEMENT | |
| Title | The Basic Of Buddism/ |
| Statement of responsibility, etc | by Amar Sood |
| 260 ## - PUBLICATION, DISTRIBUTION, ETC. (IMPRINT) | |
| Place of publication, distribution, etc | New Delhi |
| Name of publisher, distributor, etc | Shreya Traders & Co. |
| Date of publication, distribution, etc | 2018 |
| 270 ## - ADDRESS | |
| City | New Delhi |
| Address | H-1/48, Bengali Colony IInd Floor, Mahaveer Enclave |
| Postal code | 110045 |
| 300 ## - PHYSICAL DESCRIPTION | |
| Extent | 256p. |
| Dimensions | 21cm(hb) |
| Other physical details | ill |
| 500 ## - GENERAL NOTE | |
| General note | Its Includes Bibliography |
| 942 ## - ADDED ENTRY ELEMENTS (KOHA) | |
| Source of classification or shelving scheme | Dewey Decimal Classification |
| Item type | English Books |
| Classification part | 250 |
| Call number suffix | SOO |
| Withdrawn status | Lost status | Not for loan | Collection code | Home library | Current library | Date acquired | Source of acquisition | Cost, normal purchase price | Full call number | Barcode | Copy number | Cost, replacement price | Koha item type |
|---|---|---|---|---|---|---|---|---|---|---|---|---|---|
| Non-fiction | Andrews Gunj | Andrews Gunj | 21/08/2019 | DBAD/PUB | 900.00 | 250 SOO | EN-109800 | 1 | 900.00 | English Books |
